| 000 | 00488nam a2200205Ia 4500 | ||
|---|---|---|---|
| 008 | 170918s9999 xx 000 0 und d | ||
| 020 | _a9780545436687 | ||
| 050 | _bK331 2005 | ||
| 100 | _aKenah, Katherine | ||
| 245 | _aCreatures of the deep / | ||
| 245 | _cKatherine Kenah. | ||
| 260 | _aNew York : | ||
| 260 | _bScholastic, | ||
| 260 | _c2005 | ||
| 300 | _aunpaged : | ||
| 300 | _bcolored illustration ; | ||
| 300 | _c23cm. | ||
| 440 | _aExtreme readers. | ||
| 500 | _a390 | ||
| 999 |
_c342672 _d342672 |
||